Katharine Hepburn Movies Quiz Stats

 Plays Quiz Updated Mar 6, 2020

Support Sporcle.
Go Orange.
Score 0/43 Timer 10:00
1 Play Today
Year Film % Correct
1981On Golden Pond
80.4%
1940The Philadelphia Story
79.3%
1938Bringing Up Baby
72.5%
1967Guess Who's Coming to Dinner
71.4%
1951The African Queen
68%
1968The Lion in Winter
66.1%
1949Adam's Rib
60.3%
1933Little Women
53.9%
1942Woman of the Year
50.1%
1952Pat and Mike
45.9%
1957Desk Set
41.7%
1938Holiday
37.4%
1933Morning Glory
36.5%
1937Stage Door
35.8%
1975Rooster Cogburn
33%
1935Alice Adams
32.9%
1959Suddenly, Last Summer
32%
1955Summertime
30.8%
1935Sylvia Scarlett
29.8%
1962Long Day's Journey Into Night
28.2%
1994Love Affair
28.1%
1932A Bill of Divorcement
24.8%
Year Film % Correct
1956The Rainmaker
24.2%
1948State of the Union
22.5%
1936Mary of Scotland
21.6%
1947The Sea of Grass
19.3%
1942Keeper of the Flame
17.9%
1933Christopher Strong
17.8%
1945Without Love
17.2%
1944Dragon Seed
17.2%
1971The Trojan Women
16.7%
1969The Madwoman of Chaillot
15.2%
1956The Iron Petticoat
15.2%
1984Grace Quigley
14.9%
1934Spitfire
14.7%
1946Undercurrent
13.6%
1947Song of Love
13%
1937Quality Street
12.8%
1934The Little Minister
12.6%
1936A Woman Rebels
10.7%
1973A Delicate Balance
10.7%
1935Break of Hearts
10.2%
1946American Creed
6.7%

From the Vault

Disney Moms

by giveupyet

Movies 90s
Disney moms are like real moms, but two dimensional.
Remove Ads.
Support Sporcle.
Get the best of Sporcle when you Go Orange. This ad-free experience offers more features, more stats, and more fun while also helping to support Sporcle. Thank you for becoming a member.

Show Comments

Extras

Top Quizzes Today


Score Distribution

Your Account Isn't Verified!

In order to create a playlist on Sporcle, you need to verify the email address you used during registration. Go to your Sporcle Settings to finish the process.

Report this User

Report this user for behavior that violates our Community Guidelines.

Details: